Statistics for SAT Words Click Quiz - C

Click here to take the quiz!

General Stats

  • This quiz has been taken 423 times
  • The average score is 12 of 15

Answer Stats

HintAnswer% Correct
Elegant writingCalligraphy
97%
Map makerCartographer
95%
HeavenlyCelestial
92%
Harsh noiseCacophony
90%
DisasterCataclysm
88%
RhythmCadence
84%
IntellectualCerebral
81%
TrickeryChicanery
81%
Unpredictable; moodyCapricious
80%
SurrenderCapitulate
79%
SecretClandestine
78%
Severely criticizeCastigate
77%
Political meetingCaucus
76%
DisapproveCensure
68%
Unnecessary wordinessCircumlocution
58%

Score Distribution

Percentile by Number Answered

Percent of People with Each Score

Your Score History

You have not taken this quiz